00780cam a2200241 a 4500001001000000003000900010005001700019007000300036008004100039040002500080082002200105100004500127245004800172260004800220300002100268590002800289650003400317650003500351910000700386942001400393952011600407999001500523000003636DO-SdBNP20220921081508.0ta720427s1964 nyu 001 1 eng  aDO-SdBNPbspacBNPHU 4a813.54bC882c2221 aCozzens, James Gould,d1903-1978.91116110aChildren and others /cJames Gould Cozzens. aNew York :bHarcourt, Brace & World,c1964. a343 p. ;c22 cm. aInventariado, 2022 / DG 4aCuentos estadounidenses93514 4aLiteratura estadounidense9263 aDG 2ddccLBS1 00102ddc51708PDaBNPHUbBNPHUcCTd2009-07-11oBNPHU PD 813.54 C882cp3636-10r2020-06-25w2020-06-25yLBS1 c3459d3459